[Event "Wch U14"]
[Site "Florianopolis"]
[Date "2024.11.02"]
[Round "5"]
[White "Askanazyan, Gor"]
[Black "Valdats, Reinis"]
[Result "0-1"]
[WhiteElo "1851"]
[BlackElo "2188"]
[PlyCount "74"]
[EventDate "2024.10.29"]
[EventType "swiss"]
[EventRounds "11"]
[EventCountry "BRA"]
[SourceTitle "CB45_2024"]
[Source "ChessBase"]
[SourceDate "2024.11.06"]
[SourceVersion "1"]
[SourceVersionDate "2024.11.06"]
[SourceQuality "1"]

1. e4 c5 2. Nf3 e6 3. d4 cxd4 4. Nxd4 Nc6 5. Nc3 Qc7 6. Be3 a6 7. g4 b5 8. Nxc6 Qxc6 9. Qd2 b4 10. Ne2 Qxe4 11. Rg1 Qc4 12. Nf4 Qc7 13. 0-0-0 Nf6 14. Nh5 Nxh5 15. gxh5 Bb7 16. Bb6 Qc6 17. Bd4 Rg8 18. Bg2 Qb5 19. Bxb7 Qxb7 20. Kb1 d6 21. Qd3 g6 22. Bf6 Rc8 23. Qe3 Qc6 24. Rc1 Qc5 25. Qe2 Qb5 26. Qf3 Be7 27. Bxe7 Kxe7 28. h6 Rc7 29. h4 Rgc8 30. Rg5 Rxc2 31. Re1 Qc4 32. Rgg1 Qd4 33. Qb3 a5 34. Qxc2 Rxc2 35. Kxc2 Qxf2+ 36. Kb1 a4 37. h5 a3 0-1

[Event "Moscow Botvinnik Memorial Cup"]
[Site "Moscow"]
[Date "2024.09.05"]
[Round "2.31"]
[White "Bayramgeldyev, Yusup"]
[Black "Askanazyan, Gor"]
[Result "0-1"]
[WhiteElo "2103"]
[BlackElo "1955"]
[PlyCount "120"]
[EventDate "2024.09.04"]
[EventType "team-tourn"]
[EventRounds "9"]
[EventCountry "RUS"]
[SourceTitle "EXT 2025"]
[Source "ChessBase"]
[SourceDate "2024.10.14"]
[SourceVersion "1"]
[SourceVersionDate "2024.10.14"]
[SourceQuality "1"]
[WhiteTeam "Turkmenistan"]
[BlackTeam "Armenia"]
[WhiteTeamCountry "TKM"]
[BlackTeamCountry "ARM"]

1. d4 d5 2. Nf3 Nf6 3. Bf4 c5 4. e3 Nc6 5. c3 Qb6 6. Qc2 g6 7. Nbd2 Bg7 8. h3 0-0 9. Be2 Bf5 10. Qb3 c4 11. Qa3 Qd8 12. 0-0 Nd7 13. b3 b5 14. bxc4 bxc4 15. Nh4 Be4 16. Nhf3 Bf5 17. Rfe1 Re8 18. Bd1 e5 19. Bg5 Qc7 20. Bh4 Bf8 21. Qc1 Qa5 22. a4 Bg7 23. Ra2 Rab8 24. Bg3 Rb7 25. Rb2 Reb8 26. Rxb7 Rxb7 27. e4 dxe4 28. Nxc4 Qd5 29. Nfxe5 Ndxe5 30. Nxe5 Nxe5 31. dxe5 Bxe5 32. Bxe5 Qxe5 33. Qe3 Rc7 34. c4 Be6 35. Be2 Kg7 36. Bf1 Bxc4 37. f4 Qb2 38. Qxe4 Bxf1 39. Kxf1 Qc3 40. Re3 Rc4 41. Qe5+ Qxe5 42. fxe5 Rxa4 43. e6 fxe6 44. Rxe6 Ra2 45. Kg1 Kf7 46. Rc6 h5 47. Kh2 h4 48. Rc4 g5 49. Rc6 a5 50. Ra6 a4 51. Kg1 a3 52. Kh2 Ra1 53. Ra8 Ke6 54. Ra5 Kf6 55. Ra8 Ke5 56. Ra4 Kf5 57. g4+ Ke5 58. Ra5+ Kf4 59. Rf5+ Ke4 60. Rxg5 Rb1 0-1